000 01069cam a2200265 4500
002 7779
008 040506n2004 000 0 eng u
020 _a0273688030
035 _a(Sirsi) u126126
041 _aeng
050 _a658.452
_c22
100 _aJay, Anthony
245 _aEffective presentation
_bhow to create and deliver a winning presentation
250 _a2nd ed.
260 _aHarlow
_bPearson Education
_c2004
300 _axiii, 136p.
_c24cm.
350 _a10.49
520 _aThe second edition of this complete guide to preparing and delivering effective presentations. Provides guidance on: planning the presentation; presentation delivery; dealing with nerves; visual aids and the use of images (including Powerpoint); winning different audiences; and practical matters on the day. Appendices include a sample presentation and a summary of key issues.
650 _aCOMMUNICATION SKILLS
650 _aPRESENTATIONS
650 _aPRESENTATION SKILLS
690 _aMANAGEMENT-BUSINESS MANAGEMENT
700 _aJay, Ros
942 _n0
999 _c103566
_d103566